La ballena varada
保存先:
| 第一著者: | |
|---|---|
| フォーマット: | 図書 |
| 言語: | スペイン語 |
| 出版事項: |
Bogotá
Alfaguara
1994
|
| 版: | 1a. ed |
| シリーズ: | Alfaguara infantil-juvenil
|
| 主題: | |
| タグ: |
タグ追加
タグなし, このレコードへの初めてのタグを付けませんか!
|
MARC
| LEADER | 00000nam a2200000 a 4500 | ||
|---|---|---|---|
| 001 | UCH8125 | ||
| 003 | CL-VaPUC | ||
| 008 | 091127e19940000CK |||||||||||||||||spa|d | ||
| 020 | |a 9582401605 | ||
| 082 | 0 | 4 | |a Co863 |b COL |2 21 |
| 100 | 0 | |a Collazos, Oscar |e author |9 374302 | |
| 245 | 1 | 3 | |a La ballena varada |
| 250 | |a 1a. ed | ||
| 300 | |a 103 p | ||
| 942 | |c BK | ||
| 945 | |d 20091127 00:00:00 |a lazolas | ||
| 260 | |a Bogotá |b Alfaguara |c 1994 | ||
| 500 | |a Lectura a partir de los 12 años | ||
| 650 | 0 | |a Novelas colombianas |9 266734 | |
| 650 | 0 | |a Literatura colombiana |9 315578 | |
| 583 | |a last modification |c 20130421 11:24:32 |k Rodrigo Vera | ||
| 490 | 0 | |a Alfaguara infantil-juvenil | |
| 999 | |c 338367 |d 338365 | ||